| 000 | 01008nam a2200181 4500 | ||
|---|---|---|---|
| 001 | 138085 | ||
| 003 | ES-MaACL | ||
| 005 | 20230906195512.0 | ||
| 007 | t| | ||
| 008 | 070214s1910 sp r ||||1| spa d | ||
| 100 | 1 |
_aSánchez de Ocaña, Ramón. _9102594 |
|
| 245 | 1 | 0 | _aMemoria elevada al gobierno de S. M. por D. Ramón Sánchez de Ocaña como delegado del Gobierno español en la Conferencia Internacional celebrada en la Haya para la unificación del derecho relativo a la letra de cambio y al pagaré a la orden. |
| 260 |
_aMadrid : _b[s. n.], _c1910. |
||
| 300 |
_a101 p. ; _c24 cm. |
||
| 500 | _aIncluye: Anteproyecto de convención sobre la unificación del derecho relativo a la letra de cambio y al pagaré a la orden; y el Anteproyecto de una ley uniforme sobre la letra de cambio y el pagaré a la orden. | ||
| 711 | 0 | 0 |
_aConferencia Internacional para la unificación del derecho relativo a la Letra de Cambio y al Pagaré a la Orden ( _cLa Haya ( _d1910) _9210 |
| 852 |
_aES-MaACL _jT-1216-F-3 |
||
| 999 |
_c138085 _d138085 |
||